| 000 | 00705nam a2200145 a 4500 | ||
|---|---|---|---|
| 008 | 100726s2010 ||||||||||||||||| || u | ||
| 050 | _aGOV.ZAM(02)2010/12A | ||
| 110 | _aGovernment of the Republic of Zambia (GRZ) | ||
| 245 | 1 | 0 | _aMinistry of Commerce Trade and Industry |
| 260 |
_aLusaka _bMinistry of Commerce Trade and Industry _c2010 |
||
| 300 | _a22p. | ||
| 350 | _a0.00 | ||
| 995 |
_aSPECIAL COLLECTIONS _D0.00 _e03006958 _FCBU-MAIN LIBRARY (Kitwe) _H1 _I0.00 _jGOV.ZAM(02)2010/12A _M1 _UAVAILABLE _WAug 12, 2010 _y03006958 _ZZambiana Collection |
||
| 995 |
_aSPECIAL COLLECTIONS _D0.00 _e03006959 _FCBU-MAIN LIBRARY (Kitwe) _H1 _I0.00 _jGOV.ZAM(02)2010/12B _M2 _UAVAILABLE _WAug 12, 2010 _y03006959 _ZZambiana Collection |
||
| 999 |
_c77686 _d77686 |
||